Loading...
History - World History | 1 | 1 | 0 | 1 | 25 | 22 | 75.00 | 0 | 1 |
Current Events | 0 | 2 | 0 | 0 | 20 | 106 | 110.00 | 1 | 1 |
History - American History | 0 | 2 | 0 | 0 | 20 | 136 | 141.00 | 0 | 2 |
Mythology | 0 | 2 | 1 | 1 | 15 | 88 | 115.00 | 0 | 2 |
Science - Chemistry | 0 | 2 | 1 | 1 | 15 | 122 | 123.50 | 0 | 0 |
Social Science | 0 | 1 | 0 | 0 | 10 | 114 | 114.00 | 0 | 1 |
Fine Arts - Other Fine Arts | 0 | 1 | 0 | 0 | 10 | 140 | 140.00 | 0 | 1 |
History - Other History | 0 | 1 | 0 | 1 | 10 | 131 | 131.00 | 0 | 0 |
Science - Other Science | 0 | 1 | 0 | 0 | 10 | 116 | 116.00 | 0 | 1 |
Fine Arts - Visual Fine Arts | 0 | 0 | 0 | 0 | 0 | 0.00 | 0 | 0 | |
History - European History | 0 | 0 | 0 | 0 | 0 | 0.00 | 0 | 0 | |
Science - Biology | 0 | 0 | 1 | 0 | -5 | 0.00 | 0 | 0 | |
Geography | 0 | 0 | 1 | 0 | -5 | 0.00 | 0 | 0 |